00477nam a2200145Ia 4500008004100000024004400041082001800085100006100103110001900164245003800183260002600221600004200247650002500289999001700314260210s9999 xx 000 0 und d a20B-018-SE, 20B-019-SE & 20B-037-SE a006.35072 KHA aMuhammad Khan, Muhammad Shamroz Khan & Huzaifa Ahmed aFatima Shakeel 0aAI-Powered IELTS Test Preparation aKarachi:bUITU,c2020 aBachelor of Software Engineering (SE) aSoftware Engineering c33509d33509